000 01287naa a22003137a 4500
001 BR8104630
003 BR-BrBNA
005 20250716171008.0
007 ta
008 250630b bl.|||m| |||| 00| 0 por d
040 _aBR-BrBNA
_bpor
_cBiblioteca Nacional de Agricultura
041 _a(Pt)
072 _aF27; F60
_b1540
_b4510
_bG514
090 _aF27 BR8104630
100 1 _aSeixas, B.L.S.
111 1 _a1. Congresso Brasileiro de Mandioca
_cSalvador, BA (Brazil)
_d25 Nov 1979
245 1 _aInfluencia da profundidade de aracao na producao de raizes de mandioca (Manihot esculenta Crantz)[Arado; Brasil]
500 _aAnais do 1. Congresso Brasileiro de Mandioca, v. 1: Pesquisas agronomicas Cruz das Almas, BA (Brasil): 1981. p. 105-112 [Summaries (En, Pt)] (BR8104630-AMS)
773 0 _tAnais do 1. Congresso Brasileiro de Mandioca, v. 1: Pesquisas agronomicas
_wF27 BR8104630
_gCruz das Almas, BA (Brasil), 1981. p. 105-112
650 _aMANDIOCA
650 _aARADO
650 _aMANEJO DO SOLO
650 _aPRATICA CULTURAL
650 _aRAIZ
650 _aGERMINACAO
490 _aDocumentos - Empresa Brasileira de Pesquisa Agropecuaria. Depto. de Informacao e Documentacao (Brazil)
_vno. 18
942 _cAMS
_2AGRIS
909 _a202506
_bLúcia
_c55
_dLúcia Elande
999 _c333736
_d333736